| 000 | 00939cad a22002055a 4500 | ||
|---|---|---|---|
| 001 | L156929 | ||
| 008 | 120731s2012 xxkad f s 000 0 eng d | ||
| 035 | _a(Sirsi) u156929 | ||
| 041 | 0 | _aeng | |
| 110 | 2 |
_aRoyal Institution of Chartered Surveyors _bEconomics _95033 |
|
| 245 | 0 | 0 |
_aRICS UK commercial market survey _bQ1 2012 _h[electronic resource] |
| 260 |
_aLondon _bRICS _c2012 |
||
| 490 | 0 |
_aRICS Commercial Market Survey United Kingdom _vQ1 2012 |
|
| 520 | _aActivity stabilises and confidence turns less negative. Both demand and available space stabilise in Q1 2012 but rent expectations remain in negative territory. New development still falling but at the slowest pace since 2007. Little change in investment enquiries but capital values still expected to ease in the near term. | ||
| 590 | _aKA | ||
| 650 | 2 | 4 | _aRICS COMMERCIAL MARKET SURVEY |
| 651 | 4 | _aUnited Kingdom | |
| 690 |
_aCommercial property _96227 |
||
| 942 | _n0 | ||
| 999 |
_c114496 _d114496 |
||